Zápisníky. 1, Květen 1935 - únor 1942 /

Hlavní autor: Camus, Albert, 1913-1960
Další autoři: Dufková, Vlasta, 1951-
Jazyk: Čeština
Vydáno: Praha : Mladá fronta, 1997
Vydání: Vyd. 1.
Témata:
Fyzický popis: 198 s. ; 20 cm
Knihy
Uloženo v:
LEADER 01178nam a2200325 a 4500
001 000240091
003 CZ BrMZK
005 20070828064819.0
007 ta
008 960815s1997 xr e acze d
020 |a 80-204-0653-0 
040 |a BOA001  |b cze 
043 |a e-fr--- 
080 |a 929  |2 MRF 
080 |a 821.133.1-051  |2 MRF 
080 |a (093.3)  |2 MRF 
100 1 |a Camus, Albert,  |d 1913-1960  |7 jn19990001315  |4 aut 
245 1 0 |a Zápisníky.  |n 1, Květen 1935 - únor 1942 /  |c Albert Camus ; [z francouzštiny přeložila Vlasta Dufková] 
250 |a Vyd. 1. 
260 |a Praha :  |b Mladá fronta,  |c 1997 
300 |a 198 s. ;  |c 20 cm 
600 1 7 |a Camus, Albert,  |d 1913-1960  |7 jn19990001315  |2 czenas 
650 0 7 |a francouzští spisovatelé  |7 ph120380  |y 20. stol.  |2 czenas 
655 7 |a deníky  |7 fd132006  |2 czenas 
700 1 |a Dufková, Vlasta,  |d 1951-  |7 jk01072789  |4 trl 
765 0 |t Carnets 1 
910 |a BOA001  |b 2-1037.994,1 
990 |a BK 
996 7 |b 2610059692  |c 2-1037.994,1  |l MZK  |r Sklad / do 1 hodiny  |n 11  |p p.v.  |w 000240091  |u 000010  |a 1  |e BOA001  |j MZK50  |s A 
996 7 |b 2610099407  |c 2-1037.994,1  |l MZK  |r Sklad / do 1 hodiny  |n 29  |p p.v.  |w 000240091  |u 000020  |a 1  |e BOA001  |j MZK50  |s A